Организация предпринимательской деятельности: учебник для вузов

Bibliographic Details
Other Authors: Горфинкель В. Я. Владимир Яковлевич (редактор)
Summary:Учебник подготовлен с учетом требований Государственного образовательного стандарта высшего профессионального образования. Раскрыты сущность и виды предпринимательства, акцентировано внимание на предпринимательской деятельности малых предприятий. Показаны основные типы предприятий в российской предпринимательской среде, освещены социальные аспекты, культура и этика предпринимательства. Значительное внимание уделено инновационной деятельности предпринимателя, в том числе рискам в предпринимательстве, конкурентоспособности предпринимательской деятельности, венчурному предпринимательству. Освещены методы оценки результатов предпринимательской деятельности, вопросы кредитования, страхования и налогообложения предпринимательства. Для студентов, аспирантов и преподавателей экономических специальностей вузов, предпринимателей, всех интересующихся организацией предпринимательской деятельности.
Language:Russian
Published: Москва, Проспект, 2010
Subjects:
Format: Book
KOHA link:https://koha.lib.tpu.ru/cgi-bin/koha/opac-detail.pl?biblionumber=183801

MARC

LEADER 00000nam0a2200000 4500
001 183801
005 20231101223806.0
010 |a 9785392012046 
035 |a (RuTPU)RU\TPU\book\199259 
090 |a 183801 
100 |a 20100823d2010 m y0rusy50 ca 
101 0 |a rus 
102 |a RU 
105 |a a j 001zy 
200 1 |a Организация предпринимательской деятельности  |e учебник для вузов  |f под ред. В. Я. Горфинкеля 
210 |a Москва  |c Проспект  |d 2010 
215 |a 544 с.  |c ил. 
320 |a Библиогр.: с. 521-524. 
320 |a Термины и понятия: с. 525-540. 
330 |a Учебник подготовлен с учетом требований Государственного образовательного стандарта высшего профессионального образования. Раскрыты сущность и виды предпринимательства, акцентировано внимание на предпринимательской деятельности малых предприятий. Показаны основные типы предприятий в российской предпринимательской среде, освещены социальные аспекты, культура и этика предпринимательства. Значительное внимание уделено инновационной деятельности предпринимателя, в том числе рискам в предпринимательстве, конкурентоспособности предпринимательской деятельности, венчурному предпринимательству. Освещены методы оценки результатов предпринимательской деятельности, вопросы кредитования, страхования и налогообложения предпринимательства. Для студентов, аспирантов и преподавателей экономических специальностей вузов, предпринимателей, всех интересующихся организацией предпринимательской деятельности. 
606 1 |a Предпринимательская деятельность  |2 stltpush  |3 (RuTPU)RU\TPU\subj\36666  |9 57967 
610 1 |a предпринимательство 
610 1 |a бизнес 
610 1 |a консалтинговая деятельность 
610 1 |a аудиторская деятельность 
610 1 |a собственное дело 
610 1 |a малый бизнес 
610 1 |a бизнес-планы 
610 1 |a малые предприятия 
610 1 |a лизинг 
610 1 |a франчайзинг 
610 1 |a интрапренерство 
610 1 |a торговые услуги 
610 1 |a сфера услуг 
610 1 |a холдинги 
610 1 |a финансово-промышленные группы 
610 1 |a человеческие ресурсы 
610 1 |a оплата труда 
610 1 |a социальная ответственность 
610 1 |a деловая культура 
610 1 |a деловая этика 
610 1 |a инновационная деятельность 
610 1 |a предпринимательские риски 
610 1 |a инвестиции 
610 1 |a инвестиционная политика 
610 1 |a конкурентоспособность 
610 1 |a государственная поддержка 
610 1 |a венчурное предпринимательство 
610 1 |a экономическая оценка 
610 1 |a финансовый менеджмент 
610 1 |a кредитование 
610 1 |a экономический эффект 
610 1 |a страхование 
610 1 |a страхование ответственности 
610 1 |a страховое предпринимательство 
610 1 |a бухгалтерский учет 
610 1 |a налогообложение 
610 1 |a учебники 
686 |a У012.12я73  |v LBC/SL-A  |2 rubbk 
702 1 |a Горфинкель  |b В. Я.  |g Владимир Яковлевич  |4 340 
801 1 |a RU  |b 63413507  |c 20100823 
801 2 |a RU  |b 63413507  |c 20200911  |g RCR 
900 |a Организация предпринимательской деятельности 
942 |c BK 
955 |l 8 
959 |a 50/20100823  |d 10  |e 325,00  |f АНЛ:1  |f ЧЗГЛ:1  |f УФ:8